| 000 | 00488nam a22001937a 4500 | ||
|---|---|---|---|
| 003 | OSt | ||
| 005 | 20180116183041.0 | ||
| 008 | 160222b xxu||||| |||| 00| 0 eng d | ||
| 020 | _a05-759-2014-1 | ||
| 040 | _c0 | ||
| 050 | _a174.4 | ||
| 082 | _a174.4 | ||
| 100 | _aHemani,Shezeen Salim. | ||
| 245 |
_aNAA-National Archive Association. _bCase Studies. _cShezeen Salim Hemani. |
||
| 260 |
_aLahore _bLUMS _c2014 |
||
| 300 | _a23p. | ||
| 500 | _aPaper Cover | ||
| 942 |
_2ddc _cCS _k10005 |
||
| 999 |
_c351225 _d351225 |
||